Study of Indian Society (Record no. 227208)
[ view plain ]
| 000 -LEADER | |
|---|---|
| fixed length control field | 00490nam a22001817a 4500 |
| 005 - DATE AND TIME OF LATEST TRANSACTION | |
| control field | 20230419112422.0 |
| 008 - FIXED-LENGTH DATA ELEMENTS--GENERAL INFORMATION | |
| fixed length control field | 230419b ||||| |||| 00| 0 eng d |
| 040 ## - CATALOGING SOURCE | |
| Transcribing agency | AL |
| 041 ## - LANGUAGE CODE | |
| Language code of text/sound track or separate title | English |
| 082 ## - DEWEY DECIMAL CLASSIFICATION NUMBER | |
| Edition number | 23 |
| Classification number | 310/81 |
| Item number | NANS |
| 100 ## - MAIN ENTRY--PERSONAL NAME | |
| Personal name | M Nanjammanni |
| 100 ## - MAIN ENTRY--PERSONAL NAME | |
| 9 (RLIN) | 90481 |
| 245 ## - TITLE STATEMENT | |
| Title | Study of Indian Society |
| 260 ## - PUBLICATION, DISTRIBUTION, ETC. | |
| Place of publication, distribution, etc. | Mysore |
| Name of publisher, distributor, etc. | Jyothi Keerti Publishers |
| Date of publication, distribution, etc. | 1979 |
| 300 ## - PHYSICAL DESCRIPTION | |
| Extent | x,265 p. |
| Other physical details | HB |
| Dimensions | 20.5x13 cm. |
| 650 ## - SUBJECT ADDED ENTRY--TOPICAL TERM | |
| Topical term or geographic name entry element | Indian Society |
| 9 (RLIN) | 90482 |
| 700 ## - ADDED ENTRY--PERSONAL NAME | |
| Personal name | NANJAMMANNI (M) |
| 9 (RLIN) | 90483 |
| 942 ## - ADDED ENTRY ELEMENTS (KOHA) | |
| Source of classification or shelving scheme | Dewey Decimal Classification |
| Koha item type | Book Bank |
| Withdrawn status | Lost status | Source of classification or shelving scheme | Damaged status | Not for loan | Collection code | Home library | Current library | Shelving location | Date acquired | Total Checkouts | Full call number | Barcode | Date last seen | Price effective from | Koha item type |
|---|---|---|---|---|---|---|---|---|---|---|---|---|---|---|---|
| Dewey Decimal Classification | Sociology | St Aloysius Library | St Aloysius Library | UGC Book Bank | 04/19/2023 | 310/81 NANS | BB04121 | 04/19/2023 | 04/19/2023 | Book Bank | |||||
| Dewey Decimal Classification | Sociology | St Aloysius Library | St Aloysius Library | UGC Book Bank | 04/19/2023 | 310/77 NANS | BB04117 | 04/19/2023 | 04/19/2023 | Book Bank | |||||
| Dewey Decimal Classification | Sociology | St Aloysius Library | St Aloysius Library | UGC Book Bank | 04/19/2023 | 310/78 NANS | BB04118 | 04/19/2023 | 04/19/2023 | Book Bank | |||||
| Dewey Decimal Classification | Sociology | St Aloysius Library | St Aloysius Library | UGC Book Bank | 04/19/2023 | 310/79 NANS | BB04119 | 04/19/2023 | 04/19/2023 | Book Bank | |||||
| Dewey Decimal Classification | Sociology | St Aloysius Library | St Aloysius Library | UGC Book Bank | 04/19/2023 | 310/80 NANS | BB04120 | 04/19/2023 | 04/19/2023 | Book Bank | |||||
| Dewey Decimal Classification | Sociology | St Aloysius Library | St Aloysius Library | UGC Book Bank | 04/19/2023 | 310/82 NANS | BB04122 | 04/19/2023 | 04/19/2023 | Book Bank | |||||
| Dewey Decimal Classification | Sociology | St Aloysius Library | St Aloysius Library | UGC Book Bank | 04/19/2023 | 310/83 NANS | BB04123 | 04/19/2023 | 04/19/2023 | Book Bank | |||||
| Dewey Decimal Classification | Sociology | St Aloysius Library | St Aloysius Library | UGC Book Bank | 04/19/2023 | 310/84 NANS | BB04124 | 04/19/2023 | 04/19/2023 | Book Bank | |||||
| Dewey Decimal Classification | Sociology | St Aloysius Library | St Aloysius Library | UGC Book Bank | 04/19/2023 | 310/85 NANS | BB04125 | 04/19/2023 | 04/19/2023 | Book Bank | |||||
| Dewey Decimal Classification | Sociology | St Aloysius Library | St Aloysius Library | UGC Book Bank | 04/19/2023 | 310/86 NANS | BB04126 | 04/19/2023 | 04/19/2023 | Book Bank |